Lisa - Lifestyle (Lyrics) - Statistics

General Stats
  • This quiz has been taken 72 times
  • The average score is 297 of 405
Answer Stats
Lyrics % Correct
a
100%
my
98%
to
98%
and
96%
I
96%
lifestyle,
96%
lifestyle
96%
that,
96%
that
96%
go
93%
me
93%
me,
93%
That's
93%
that's
93%
it,
91%
it
91%
It
91%
just
91%
L.A.
91%
phone,
91%
Bangkok
89%
Fast
89%
on
89%
on,
89%
up
89%
up,
89%
cars,
87%
shut
87%
so
87%
we
87%
We
87%
what
87%
you
87%
don't
84%
Hold
84%
oh
84%
oh,
84%
Oh
84%
stop,
84%
stop
84%
TikTok
84%
watch
84%
drop
82%
tank
82%
tops
82%
fuck
80%
the
80%
diamond
78%
Diamonds
78%
she
78%
She
78%
your
78%
Can't
76%
did
76%
no,
73%
no
73%
in
71%
give
69%
make
69%
opinion
69%
own
69%
see
69%
This,
69%
This
69%
this
69%
Abu
67%
comin'
67%
lovin'
67%
millions
67%
be
64%
Dhabi
64%
ain't
62%
glow
62%
icon
62%
mm,
62%
"Mm,
62%
turn
62%
by,
60%
friend
60%
her?"
58%
they
58%
checks
56%
know
56%
never
56%
ask
53%
bass,
53%
bass
53%
doublin',
53%
Every
53%
Got
53%
these
53%
These
53%
time
53%
pour
51%
walk
51%
coming
47%
jumpin'
47%
luck,
47%
Southside,
47%
them,
47%
pullin'
42%
turnin'
42%
at
40%
Lo-lo-lo
40%
was
40%
woah
40%
like
38%
look
38%
Po-po-po
38%
fever
36%
seen
36%
somethin'
36%
Somethin'
36%
when
36%
blindin',
33%
gave
33%
lightnin',
31%
one
31%
take
31%
money,
29%
us
29%
Had
27%
If
27%
shit
27%
goes
24%
shades
24%
struck
24%
think
24%
off
22%
put
22%
knows
20%
stoppin'
20%
Wanna
20%
want,
20%
want
20%
camera,
18%
for
18%
nasty
18%
out
18%
pose
18%
classy,
16%
everyone
16%
flashy,
16%
star
16%
boulevard
13%
fancy,
13%
there
13%
gosh,
11%
No matching quizzes found
Score Distribution
Percent of People with Each Score
Percentile by Number Answered
Your Score History
You have not taken this quiz